Sense and sensibility (Record no. 126896)

MARC details
000 -LÍDER
campo de controle de tamanho fixo 01024 a2200241 4500
001 - NÚMERO DE CONTROLE
campo de controle 126896
020 ## - ISBN - INTERNATIONAL STANDARD BOOK NUMBER
ISBN - International Standard Book Number 9781407162454
040 ## - FONTE DA CATALOGAÇÃO
Instituição que transcreveu o registro Escola Canadense de Niteroi
090 ## - NÚMERO DE CHAMADA LOCAL
Número de chamada (OCLC) (R); Número de chamada, CALL (RLIN) (NR) AUS
100 ## - ENTRADA PRINCIPAL--NOME PESSOAL
Nome pessoal Austen, Jane
245 10 - TÍTULO
Título Sense and sensibility
250 ## - EDIÇÃO
Edição 1st. ed.
260 ## - PUBLICAÇÃO, DISTRIBUIÇÃO, ETC.
Local de publicação, distribuição, etc. United Kingdom
300 ## - DESCRIÇÃO FÍSICA
Extensão 417 p.
Dimensões 1 x 1.14 x 7.99 inches
362 0# - DATAS DE PUBLICAÇÃO E/OU DESIGNAÇÃO SEQUENCIAL
Datas de publicação e/ou designação sequencial 2015
490 0# - TÍTULO DA SÉRIE
Título da série Scholastic Classics
520 ## - NOTA DE RESUMO, ETC
Resumo, etc. Marianne Dashwood wears her heart on her sleeve, and when she falls for charming but unsuitable John Willoughby, her romantic disappointment is a secret from no one – much to the dismay of her sister Elinor, who fears for her reputation. By contrast, cautious Elinor appears to be mistress of her feelings – not even Marianne knows of the heartbreak she is nursing. Can the sisters, in pursuit of happiness, find a balance between prudence and passion?
650 #4 - ASSUNTO--TERMO TÓPICO
Cabeçalho tópico ou nome geográfico Sisters
650 #4 - ASSUNTO--TERMO TÓPICO
Cabeçalho tópico ou nome geográfico Young Adult Literature
650 #4 - ASSUNTO--TERMO TÓPICO
Cabeçalho tópico ou nome geográfico Romance (English)
650 #4 - ASSUNTO--TERMO TÓPICO
Cabeçalho tópico ou nome geográfico Feelings and Emotions
942 ## - ELEMENTOS DE ENTRADA ADICIONADOS (KOHA)
Tipo de material Koha Livros
Holdings
Situação do descarte Situação das perdas Situação física Não pode ser emprestado Biblioteca de origem Biblioteca atual Data de aquisição Total de empréstimos Número de chamada completo Código de barras Data de último acesso Data do preço efetivo Tipo de material Koha
        Canadian School of Niterói - Itacoatiara Canadian School of Niterói - Itacoatiara 09/02/2024   AUS A10697 09/02/2024 09/02/2024 Livros